Corporate strategies in a turbulent world economy.
Strategické plánovanie podnikov musí zohľadňovať vzťahy k makroekonomickým premenným, ako sú menové kurzy, úroková miera, inflácia a pomerné ceny. Základy, na ktorých možno budovať stratégiu podniku v podmienkach makroekonomickej neistoty. Kľúčové prvky ekonomického okolia sú dané do vzťahu s cieľmi...
Enregistré dans:
| Auteur principal: | |
|---|---|
| Autres auteurs: | |
| Format: | Chapitre de livre |
| Langue: | anglais |
| Sujets: | |
| Tags: |
Pas de tags, Soyez le premier à ajouter un tag!
|
MARC
| LEADER | 00000naa a2200000 4500 | ||
|---|---|---|---|
| 001 | r008696 | ||
| 005 | 20221130103632.3 | ||
| 041 | 0 | |a eng | |
| 044 | |a DE | ||
| 245 | 1 | 0 | |a Corporate strategies in a turbulent world economy. |c L. Oxelheim, C.G. Wihlborg |
| 520 | |a Strategické plánovanie podnikov musí zohľadňovať vzťahy k makroekonomickým premenným, ako sú menové kurzy, úroková miera, inflácia a pomerné ceny. Základy, na ktorých možno budovať stratégiu podniku v podmienkach makroekonomickej neistoty. Kľúčové prvky ekonomického okolia sú dané do vzťahu s cieľmi firmy, ako je cieľová premenná, časový horizont a postoj k riziku, proces adjustácie na finančných a tovarových trhoch. | ||
| 610 | 2 | 0 | |a plánovanie podnikové |
| 610 | 2 | 0 | |a plánovanie strategické |
| 610 | 2 | 0 | |a kurz výmenný |
| 610 | 2 | 0 | |a miera úroková |
| 610 | 2 | 0 | |a inflácia |
| 610 | 2 | 0 | |a ceny |
| 610 | 2 | 0 | |a stratégia podniková |
| 610 | 2 | 0 | |a makroekonomika |
| 610 | 2 | 0 | |a riziko |
| 610 | 2 | 0 | |a rozhodovanie za neurčitosti |
| 610 | 2 | 0 | |a riadenie strategické |
| 100 | 1 | |a Oxelheim, L. | |
| 700 | 1 | |a Wihlborg, C.G. | |